000 00495nam a2200169Ia 4500
008 240729s9999 xx 000 0 und d
022 _a2767-3170
245 0 _aPLOS Digital Health
260 _aUnited States
260 _bPublic Library of Science (PLoS)
650 _a Computer applications to medicine. Medical informatics
650 _a Medicine (General)
650 _aMedicine
856 _uhttps://doaj.org/toc/5a6c6010f56445b1920a53161c12edf8
942 _2ddc
942 _cDOAJEJ
999 _c67458
_d67458
945 _a1
_bMadushi Gamage
_c1
_dMadushi Gamage